000
00325nam a2200121Ia 4500
008
191201s2002 xx 000 0 und d
100
_a
HARVARD BUSINESS REVIEW,PRESS
245
0
_a
Hiring and Keeping the Best People
260
_a
N. Delhi
_b
Harvard Business Review Press
_c
2002
300
_a
170
650
_a
BBA
942
_2
ddc
_c
BK
999
_c
21
_d
21